Sports Quiz

Random Sports or Country Quiz

2010 World Cup Team by Captain Quiz Stats

 Plays Quiz not verified by Sporcle

Challenge
Share
Tweet
Embed
Score 0/32 Timer 08:00
0 Plays Today
Player Country/Team % Correct
Cristiano RonaldoPortugal
94.7%
Thierry HenryFrance
93.3%
Didier DrogbaIvory Coast
92.3%
John TerryEngland
92.1%
Michael BallackGermany
91.5%
Iker CasillasSpain
90.9%
Fabio CannavaroItaly
88.9%
Samuel Eto'oCameroon
86.6%
Giovanni van BronckhorstNetherlands
84.8%
Yuji NakazawaJapan
84%
Rafael MárquezMexico
83.8%
Giorgos KaragounisGreece
83.4%
Javier MascheranoArgentina
82.6%
Carlos BocanegraUnited States
79.6%
Lucas NeillAustralia
77.9%
Jon Dahl TomassonDenmark
77.1%
Player Country/Team % Correct
Alexander FreiSwitzerland
77.1%
Nwankwo KanuNigeria
75.5%
Ryan NelsenNew Zealand
74.3%
Dejan StankovićSerbia
73.5%
Lúcio Ferreira da SilvaBrazil
73.1%
Stephen AppiahGhana
72.3%
Aaron MokoenaSouth Africa
70.4%
Marek HamšíkSlovakia
70.4%
Diego LuganoUruguay
65.6%
Yazid MansouriAlgeria
64.4%
Amado GuevaraHonduras
63.6%
Robert KorenSlovenia
63.6%
Claudio BravoChile
63%
Denis CanizaParaguay
58.7%
Park Ji-SungKorea Republic
55.7%
Nam Song-CholKorea DPR
36.2%

You're not logged in!

Compare scores with friends on all Sporcle quizzes.
Join for Free
OR
Log In

You Might Also Like...

Show Comments

Extras

Top Quizzes Today


Score Distribution

Your Account Isn't Verified!

In order to create a playlist on Sporcle, you need to verify the email address you used during registration. Go to your Sporcle Settings to finish the process.

Report this User

Report this user for behavior that violates our Community Guidelines.

Details: